000 00680nam a2200241Ia 4500
005 20260430150604.0
008 008 250103s9999 xx 000 0 eng d
037 _aTheses
040 _aCRL
040 _beng
040 _ceng
041 _2eng
041 _aeng
084 _qCRL
100 _aMohit Au.; Hashmi S.A. Gu.
_91237934
245 0 _aInvestigations on Sodium Ion Capacitors Fabricated with Dual Carbon Electrodes and Porous Polymer Electrolytes
260 _c2023
300 _a306p.
650 _aPhysics
700 _aUniversity of Delhi. Faculty of Science. Deptt. of Physics & Astrophysics
_91237110
942 _cTH
999 _c1850149
_d1850149